La longue marche des gays /

Enregistré dans:
Détails bibliographiques
Auteur principal: Martel, Frédéric (Auteur)
Format: Livre
Langue:français
Publié: Paris : Gallimard, cop. 2002, DL 2002.
Collection:Découvertes Gallimard ; 417
Tags: Ajouter un tag
Pas de tags, Soyez le premier à ajouter un tag!

MARC

LEADER 00000cam a2200000 i 4500
001 061187038
003 sudoc
005 20250821110629.0
008 020612t20022002fr a###gr 011 0 fre d
020 |a 2070763471 (br) 
024 3 0 |a 9782070763474 
035 |a (OCoLC)422230508 
035 |a elec2001480373 
035 |a 639875 
040 |a ABES  |b fre  |e AFNOR  |c ct 
041 0 |a fre  |2 639-2 
082 0 |a 306.766  |2 22 
100 1 |a Martel, Frédéric  |4 aut.  |e Auteur 
245 1 3 |a La longue marche des gays /  |c Frédéric Martel. 
260 |a Paris :  |b Gallimard,  |c cop. 2002, DL 2002. 
300 |a 1 vol. (127 p.) :  |b ill. en coul., couv. ill. en coul. ;  |c 18 cm. 
336 |b txt  |2 rdacontent 
337 |b n  |2 rdamedia 
337 |b n  |2 isbdmedia 
490 1 |a Découvertes Gallimard. Culture et société 
500 |a Numérotation dans la collection principale : "Découvertes Gallimard", ISSN 0988-0712: 417. 
504 |a Bibliogr. p. 117-118. Filmogr. Chronol.Index. 
760 0 |t Découvertes Gallimard  |g 417  |w (ABES)001225855 
830 0 |a Découvertes Gallimard ;  |v 417 
886 2 |2 unimarc  |a 181  |a i#  |b xxxe## 
930 |a 306.766 
930 |l 389283  |a 034 DEC 
930 |a 305.1 MAR 
930 |a 314127 
930 |a 306.7 MAR lon 
930 |a HQ21 MAR 
930 |a 390.3 MAR 
930 |a 306.766 MAR 
930 |a GEN : DG/417 
930 |a 034 DEC 417 
930 |a DEC (217) 
930 |a 417 DEC 
930 |a 309.2 MAR 
930 |a 309.2 MAR 
930 |a 8 R SUP 49939 
930 |a USUEL 034 DEC (417) 
930 |a 316.346.2 MAR 
930 |a S col 2157 (417) 
930 |a 026.27.MAR 
930 |a A 392 mar 
930 |d MAG  |a P 26198 
930 |a 99.200 MAR 
942 |2 ddc  |c BK 
952 |0 0  |1 0  |2 ddc  |4 0  |6 B_SSR03MARFRLON11  |7 0  |9 4908  |a MI  |b MI  |d 2005-05-29  |i 4896  |l 0  |o B-SSR03-MARFR-LON11  |p CDOM4896  |r 2025-07-07 11:14:36  |w 2025-07-07  |x ACQUISTO  |y BK 
999 |c 3862  |d 3862 
999 |b 4SOC